Taxmann's all about GST / (Record no. 95831)

MARC details
000 -LEADER
fixed length control field 00799nam a22002297a 4500
005 - DATE AND TIME OF LATEST TRANSACTION
control field 20160404142224.0
010 ## - LCCN (DPL NO)
LC control number 1516ENO7 ENG-114775
020 ## - INTERNATIONAL STANDARD BOOK NUMBER
International Standard Book Number 9789350717370
Terms of availability 375.00
035 ## - SYSTEM CONTROL NUMBER
System control number EN-98307
035 ## - SYSTEM CONTROL NUMBER
System control number B-607265-273
037 ## - SOURCE OF ACQUISITION
Stock number dpl
Source of stock number/acquisition Variety/Ven
037 ## - SOURCE OF ACQUISITION
Source of stock number/acquisition DBAD/PUB
082 ## - DEWEY DECIMAL CLASSIFICATION NUMBER
Classification number 336.2714
100 ## - MAIN ENTRY--PERSONAL NAME
Personal name Datey, V.S.
245 ## - TITLE STATEMENT
Title Taxmann's all about GST /
Statement of responsibility, etc by V.S.Datey
250 ## - EDITION STATEMENT
Edition statement 2nd ed
260 ## - PUBLICATION, DISTRIBUTION, ETC. (IMPRINT)
Place of publication, distribution, etc New Delhi
Name of publisher, distributor, etc Taxmann Publications
Date of publication, distribution, etc 2015
270 ## - ADDRESS
Address 59/32,New Rohtak Road,
City New Delhi
Postal code 110005
Telephone number +91-11-45562222
Fax number -
Electronic mail address -
300 ## - PHYSICAL DESCRIPTION
Extent I-12,292p.
Dimensions 24cm(pbk)
942 ## - ADDED ENTRY ELEMENTS (KOHA)
Source of classification or shelving scheme Dewey Decimal Classification
Item type English Books
Call number suffix DAT
Classification part 336.2714
Holdings
Withdrawn status Lost status Not for loan Collection code Home library Current library Date acquired Source of acquisition Cost, normal purchase price Full call number Barcode Copy number Cost, replacement price Koha item type
      Non-fiction Bawana Bawana 04/04/2016 IN1157/30.9.2015/150/16.9.2015/23.10.2015 375.00 336.2714 DAT B-607272 1 375.00 English Books
      Non-fiction Central Library Central Library 04/04/2016 IN1157/30.9.2015/150/16.9.2015/23.10.2015 375.00 336.2714 DAT B-607265 1 375.00 English Books
    Not For Loan Reference Central Library Central Library 04/04/2016 IN1157/30.9.2015/150/16.9.2015/23.10.2015 375.00 336.2714 DAT B-607266 1 375.00 English Books
    Not For Loan Non-fiction D.B.Act.Division D.B.Act.Division 21/01/2016 DBAD/PUB 375.00 336.2714 DAT EN-98307 1 375.00 English Books
      Non-fiction Janak Puri Janak Puri 04/04/2016 IN1157/30.9.2015/150/16.9.2015/23.10.2015 375.00 336.2714 DAT B-607268 1 375.00 English Books
      Non-fiction Karol Bagh Karol Bagh 04/04/2016 IN1157/30.9.2015/150/16.9.2015/23.10.2015 375.00 336.2714 DAT B-607271 1 375.00 English Books
      Non-fiction Patel Nagar Patel Nagar 04/04/2016 IN1157/30.9.2015/150/16.9.2015/23.10.2015 375.00 336.2714 DAT B-607267 1 375.00 English Books
      Non-fiction Sarojini Nagar Sarojini Nagar 04/04/2016 IN1157/30.9.2015/150/16.9.2015/23.10.2015 375.00 336.2714 DAT B-607269 1 375.00 English Books
  Written-off vide DLB M. No. 383 dt 16.05.19   Non-fiction Shahdara Branch Shahdara Branch 04/04/2016 IN1157/30.9.2015/150/16.9.2015/23.10.2015 375.00 336.2714 DAT B-607273 1 375.00 English Books
      Non-fiction Vinoba Puri Vinoba Puri 04/04/2016 IN1157/30.9.2015/150/16.9.2015/23.10.2015 375.00 336.2714 DAT B-607270 1 375.00 English Books

© Delhi Public Library
Hit Counter
free hit counter